000 00292nam a22001337a 4500
008 171016b xxu||||| |||| 00| 0 eng d
020 _a9781595620163
041 _aeng
080 _a331.101.262
100 _a52
101 _aBNJ
245 _aHUMAN SIGMA
_cFLEMING,J,.H
942 _2udc
_cBK
999 _c34206
_d34206